000 00693nam a2200289Ia 4500
005 20260324121408.0
008 008 260324s9999 xx 000 0 eng d
020 _a9780203579145
037 _aEBOOK
040 _aCRL
040 _beng
040 _cCRL
041 _2eng
041 _aeng
084 _qCRL
100 _aMiriam Schleifer McCormick
_91162347
245 0 _aBelieving Against the Evidence
245 0 _bAgency and the Ethics of Belief
260 _bTaylor and Francis
260 _c2014
365 _a
365 _b240
856 _uhttp://www.taylorfrancis.com/books/9780203579145
942 _cEBOOK
999 _c1754420
_d1754420